01242cam a22002892a 450000100060000000300080000600500170001400800410003103500190007204000370009104100080012808200180013610000460015424500910020026000360029130000640032750000430039150500200043465000520045465000410050665000460054765100370059394200120063099900170064295201430065995201500080225110BD-RjUL20211209050830.0140316s1934 enkbcf 001 0 eng d a(BD-RjUL)25179 aDLCcOCPdNGUdEQOdBD-RjULbeng aeng a940.4153bBRS1 aBray, Norman Napier Evelyn,d1885-97726610aShifting sands /cN. N. E. Bray ; foreword by Right Honourable Sir Austen Chamberlain. aLondon :bUnicorn Press,c1934. axii, 312 p. :bfront., plates, ports., fold. maps ;c22 cm. aAt head of title: Major N. N. E. Bray. aIncludes index. 0aWorld War, 1914-1918zArabian Peninsula.971721 0aWorld War, 1914-1918zTurkey.977267 0aWorld War, 1914-1918zMiddle East.977268 0aArabian PeninsulaxHistory.9564 2ddccBK c25110d25110 00102ddc40728NFICaRUCLbRUCLcReadingd1966-11-12eA.I. Qurieshg8.37l0o940.4153 BRS 1934r2014-03-16 00:00:00tC-1w2014-03-16yBK 00102ddc40708NFICaRUCLbRUCLcStackd1966-11-14eA. I. Qurachi, Dhakag14.40l0o940.4153 BRS 1934r2016-12-05 00:00:00tC-2w2016-12-05yBK